[Event "101st US Open"]
[Site "Saint Paul USA"]
[Date "2000.08.12"]
[Round "8"]
[White "Mulyar,M"]
[Black "Shabalov,A"]
[Result "1-0"]
[WhiteElo "2445"]
[BlackElo "2601"]

1.c4 e6 2.d4 Nf6 3.Nc3 Bb4 4.Nf3 O-O 5.g3 d5 6.Bg2 dxc4 7.a3 Bxc3+ 8.bxc3 b5
9.a4 Bb7 10.axb5 Be4 11.Bg5 Qd5 12.Bxf6 gxf6 13.O-O Nd7 14.Qd2 Rfb8 15.Qf4 Rxb5
16.Qxc7 a5 17.Nh4 Nb6 18.f3 Bg6 19.e4 Qd8 20.Qf4 a4 21.Qd2 f5 22.exf5 Bxf5
23.Nxf5 Rxf5 24.Rfb1 Raa5 25.f4 Rfb5 26.Rxb5 Rxb5 27.Bc6 Ra5 28.Qb2 Qc7 29.Qb4 Ra7
30.Qc5 h6 31.f5 a3 32.fxe6 fxe6 33.Rf1 Qb8 34.Qh5 Rg7 35.Qxh6 Qd6 36.Be8 Qe7
37.Bb5 a2 38.Ra1 Rg5 39.Be8 Rb5 40.Qg6+ Kf8 41.Bxb5  1-0

[Event "TCh-ESP"]
[Site "Barcelona ESP"]
[Date "2000.08.13"]
[Round "9"]
[White "Ricardi,P"]
[Black "Suarez Pousa,D"]
[Result "1-0"]
[WhiteElo "2488"]
[BlackElo "2374"]

1.d4 Nf6 2.c4 e6 3.Nc3 Bb4 4.Nf3 c5 5.g3 Bxc3+ 6.bxc3 Ne4 7.Bg2 f5 8.O-O O-O
9.dxc5 Na6 10.Be3 Naxc5 11.Nd2 Nxc3 12.Qc2 N3e4 13.Rfd1 Qc7 14.Nxe4 Nxe4
15.Bxe4 fxe4 16.Qxe4 Qc6 17.Qxc6 bxc6 18.Bc5 Rf5 19.Bd6 Ba6 20.Rac1 Rc8 21.Rd2 Ra5
22.c5 Ra4 23.f3 Re8 24.Be5 Bc8 25.Kf2 Rf8 26.Rb1 Ra5 27.Rb8 Re8 28.Bd6 Kf7
29.h4 Ra4 30.Rdb2 Ba6 31.R8b4 Ra3 32.Be5 Ra5 33.Rf4+ Kg8 34.Bd6 Ra3 35.Rd2 Bc8
36.h5 Ra5 37.a4 e5 38.Re4 Kf7 39.Rb2 Ba6 40.Rc2 Bc8 41.Rc1 Re6 42.Rb1 Ba6
43.Rb8 Rxd6 44.cxd6 Ke6 45.Rg8 c5 46.f4 Kxd6 47.Rxe5 Rxa4 48.Rxg7 c4 49.Rxh7 Kc6
50.Ree7 Bc8 51.Rh8 Ba6 52.Re3 Ra1 53.h6 Rh1 54.Ra3 Bb7 55.Rxa7 Kb6 56.Rxb7+ Kxb7
57.Ke3 c3 58.Kd3 Rh3 59.Kxc3 Kc7 60.Kd4 Rxg3 61.h7 Rh3 62.Ke5 Rh6 63.f5 Rh5
64.Kf4 Rh1 65.e4 Kd6 66.f6 Rf1+ 67.Ke3 Re1+ 68.Kd2  1-0

[Event "FSIMB August"]
[Site "Budapest HUN"]
[Date "2000.08.14"]
[Round "10"]
[White "Ananchenko,I"]
[Black "Peter,S"]
[Result "1/2-1/2"]
[WhiteElo "2276"]
[BlackElo "2201"]

1.d4 e6 2.c4 Nf6 3.Nc3 Bb4 4.Nf3 b6 5.Bg5 Bb7 6.e3 h6 7.Bh4 O-O 8.Qc2 c5
9.Bd3 cxd4 10.exd4 Be7 11.O-O Nc6 12.a3 d5 13.Rad1 Rc8 14.Rfe1 Re8 15.Qe2 dxc4
16.Bxc4 Nd5 17.Bxd5 exd5 18.Bxe7 Rxe7 19.Ne5 Na5 20.Qf3 Nc4 21.Nxc4 Rxc4
22.Re3 Rxe3 23.Qxe3 Rc6 24.Re1 Re6 25.Qd2 Qg5 26.Qd1 Bc8 27.f3 Qf4 28.Rxe6 Bxe6
29.h3 h5 30.Nb5 a6 31.Nc3 h4 32.Kh1 Qg3 33.Qe2 Qf4 34.Qxa6 Qxd4 35.Qa8+ Kh7
36.Qa4 Qf2 37.Qd1 Qxb2 38.Nxd5 Bxd5 39.Qxd5 Qa1+ 40.Kh2 Qf6 41.Qd3+ g6 42.Qc4 Kg7  1/2-1/2

[Event "Open"]
[Site "Abudhabi UAE"]
[Date "2000.08.26"]
[Round "1"]
[White "Fahed,A"]
[Black "Maherramzade,J"]
[Result "0-1"]
[WhiteElo "2001"]
[BlackElo "2433"]

1.d4 Nf6 2.c4 e6 3.Nc3 Bb4 4.Nf3 c5 5.e3 O-O 6.Bd3 d5 7.O-O Nc6 8.a3 Bxc3
9.bxc3 Qc7 10.Qc2 Na5 11.cxd5 c4 12.Be2 exd5 13.Nd2 Bg4 14.Re1 Rfe8 15.h3 Bxe2
16.Rxe2 Ne4 17.f3 Ng3 18.Re1 f5 19.Nf1 Nxf1 20.Kxf1 g6 21.Bd2 Nb3 22.Rab1 Re6
23.Re2 Rae8 24.Rbe1 Qe7 25.Bc1 b5 26.g4 Nxc1 27.Qxc1 Qh4 28.gxf5 Qxh3+ 29.Kf2 Qh4+
30.Kf1 gxf5 31.Qb1 Qh3+ 32.Kf2 Rg6 33.Rf1 Qh4+  0-1

[Event "Open"]
[Site "Abudhabi UAE"]
[Date "2000.08.27"]
[Round "2"]
[White "Barsov,A"]
[Black "Ghorbani,M"]
[Result "1/2-1/2"]
[WhiteElo "2534"]
[BlackElo "2351"]

1.c4 e6 2.d4 Nf6 3.Nc3 Bb4 4.Nf3 b6 5.Qb3 Bxc3+ 6.Qxc3 Ne4 7.Qe3 Bb7 8.g3 O-O
9.Bg2 d5 10.O-O Nd7 11.b3 Re8 12.Nd2 Nd6 13.Bb2 Qb8 14.Rfc1 c5 15.cxd5 exd5
16.Qd3 Qd8 17.dxc5 Nxc5 18.Qd4 Ne6 19.Qg4 Qe7 20.Nf3 f6 21.Ba3 Qd8 22.Nh4 Nf7
23.Nf5 g6 24.Ne3 Ne5 25.Qa4 a6 26.Rd1 Bc6 27.Qh4 d4 28.Ng4 g5 29.Nh6+ Kh8
30.Qh3 Bxg2 31.Qxg2 Ra7 32.Rd2 Rd7 33.Rad1 d3 34.exd3 Nd4 35.Kh1 Nef3 36.Rb2 Rc7
37.Rbb1  1/2-1/2

[Event "Open"]
[Site "Abudhabi UAE"]
[Date "2000.09.01"]
[Round "6"]
[White "Barsov,A"]
[Black "Taleb,M"]
[Result "1/2-1/2"]
[WhiteElo "2534"]
[BlackElo "2389"]

1.d4 Nf6 2.c4 e6 3.Nc3 Bb4 4.Nf3 b6 5.Qb3 Qe7 6.Bg5 Bb7 7.e3 h6 8.Bh4 Bxc3+
9.Qxc3 g5 10.Bg3 Ne4 11.Qc2 d6 12.Nd2 Nxg3 13.hxg3 Nd7 14.O-O-O O-O-O 15.Ne4 Kb8
16.Nc3 Nf6 17.Kb1 h5 18.e4 e5 19.d5 h4 20.gxh4 gxh4 21.Be2 Rdg8 22.Rh2 Ng4
23.Bxg4 Rxg4 24.f3 Rg3 25.Ne2 Rgg8 26.Rdh1 Qd8 27.Nc3 Bc8 28.Nd1 f5 29.Nf2  1/2-1/2

[Event "zt 1.1"]
[Site "Mondariz ESP"]
[Date "2000.09.04"]
[Round "2"]
[White "Comas Fabrego,L"]
[Black "Dorfman,J"]
[Result "1/2-1/2"]
[WhiteElo "2516"]
[BlackElo "2600"]

1.d4 Nf6 2.c4 e6 3.Nc3 Bb4 4.Nf3 c5 5.e3 O-O 6.Bd3 d5 7.O-O dxc4 8.Bxc4 Nbd7
9.Qe2 b6 10.Rd1 cxd4 11.exd4 Bxc3 12.bxc3 Qc7 13.Bd2 Bb7 14.Bd3 Rfe8 15.Re1 Rac8
16.Rac1 Qd6 17.Ba6 Qd5 18.Bb5  1/2-1/2

[Event "New York State Ch"]
[Site "Saratoga Springs NY USA"]
[Date "2000.09.04"]
[Round "5"]
[White "Schwartz,Y"]
[Black "Kwartler,L"]
[Result "1-0"]
[WhiteElo "2291"]
[BlackElo "2260"]

1.d4 Nf6 2.c4 e6 3.Nc3 Bb4 4.Nf3 O-O 5.Bg5 c5 6.e3 Qa5 7.Bxf6 Bxc3+ 8.bxc3 gxf6
9.Qc2 Nc6 10.Bd3 cxd4 11.exd4 Qh5 12.Rg1 f5 13.h3 Ne7 14.g4 fxg4 15.hxg4 Qh2
16.Ke2 Ng6 17.Qd2 Kg7 18.Rh1  1-0

[Event "FSIMA September"]
[Site "Budapest HUN"]
[Date "2000.09.07"]
[Round "6"]
[White "Kahn,E"]
[Black "Yu Mingyuan"]
[Result "0-1"]
[WhiteElo "2346"]
[BlackElo "2319"]

1.d4 Nf6 2.c4 e6 3.Nc3 Bb4 4.Nf3 O-O 5.g3 c5 6.Bg2 cxd4 7.Nxd4 Nc6 8.O-O Qa5
9.Nb3 Qh5 10.Nb5 b6 11.a3 Be7 12.Bf4 e5 13.Bd2 Bb7 14.Bc3 d6 15.e3 Qg6 16.a4 Ne4
17.a5 Rac8 18.axb6 axb6 19.Be1 Kh8 20.f3 Nc5 21.Nxc5 dxc5 22.Qd7 Rb8 23.f4 exf4
24.exf4 Rfd8 25.Qc7 Rdc8 26.Qxb6 Bf6 27.Bc3 Nb4 28.Qd6 Bxg2 29.Kxg2 Nc2 30.Bxf6 gxf6
31.Rae1 Nxe1+ 32.Rxe1 Rd8 33.Qxc5 Rd2+ 34.Kg1 Qc2 35.Qc6 Qxb2 36.h4 Rg8 37.Qf3 Qc2
38.h5 Rd3  0-1

[Event "Open"]
[Site "Cesenatico ITA"]
[Date "2000.09.07"]
[Round "6"]
[White "Perich,S"]
[Black "Schuetzhold,F"]
[Result "1/2-1/2"]
[WhiteElo "2043"]
[BlackElo "2128"]

1.Nf3 Nf6 2.d4 e6 3.c4 Bb4+ 4.Nc3 c5 5.a3 Bxc3+ 6.bxc3 O-O 7.Qc2 h6 8.e4 d6
9.Bd3 Nc6 10.h3 e5 11.Be3 b6 12.O-O Nh5 13.d5 Ne7 14.Kh2 f5 15.Ng1 f4 16.Bd2 Ng6
17.g4 Nf6 18.f3 h5 19.g5 Nh7 20.Be1 Qxg5 21.Qg2 Qxg2+ 22.Kxg2 h4 23.a4 a5
24.Rf2 Rb8 25.Rb2 Rf7 26.Rab1 Rfb7 27.Kh2 Nf6 28.Ne2 Kh7 29.Nc1 Nh5 30.Nb3 Ng3
31.Bf2 Nh8 32.Bf1 Nf7 33.Bg2 Kg6 34.Be1 Kf6 35.Bf2 Ke7 36.Be1 Kd8 37.Bf2 Ng5
38.Nd2 Bd7 39.Ra1 Kc7 40.Be1 Rf8 41.Ra3 Rf6 42.Ra1 Rg6 43.Ra3 Nh7 44.Ra1 Nf6
45.Rc2 Kb8 46.Raa2 Ka7 47.Ra1 Be8 48.Raa2 Rf7 49.Ra1 Rf8 50.Bf2 Rh8 51.Nb3 Ka6
52.Nc1 Rh5 53.Nd3 Rhg5 54.Be1 Rh6 55.Nf2 Bh5 56.Rb2 Rhg6 57.Rab1 Nd7 58.Ng4 Bxg4
59.hxg4 Rh6 60.Bh3 Rh8 61.Kg2 Rb8  1/2-1/2

[Event "ch-HUN KO"]
[Site "Budapest HUN"]
[Date "2000.10.06"]
[Round "6.1"]
[White "Pinter,J"]
[Black "Gyimesi,Z"]
[Result "1/2-1/2"]
[WhiteElo "2556"]
[BlackElo "2539"]

1.d4 Nf6 2.c4 e6 3.Nc3 Bb4 4.Nf3 c5 5.g3 cxd4 6.Nxd4 Ne4 7.Qd3 Bxc3+ 8.bxc3 Nc5
9.Qe3 b6 10.Bg2 Bb7 11.Bxb7 Nxb7 12.Ba3 Nc6 13.Rd1 Nca5 14.Qd3 d6 15.Nb3 Rc8
16.Nxa5 Nxa5 17.c5 bxc5 18.Qb5+ Ke7 19.O-O Qb6 20.Qa4 Nc6 21.Rb1 Qc7 22.Qg4 g6
23.Rfd1 h6 24.Bc1 Ne5 25.Qa4 f6  1/2-1/2

[Event "Match"]
[Site "Albert FRA"]
[Date "2000.10.12"]
[Round "3"]
[White "Bacrot,E"]
[Black "Short,N"]
[Result "1/2-1/2"]
[WhiteElo "2613"]
[BlackElo "2677"]

1.d4 e6 2.c4 Nf6 3.Nc3 Bb4 4.Nf3 c5 5.g3 Nc6 6.Bg2 d5 7.cxd5 Nxd5 8.Bd2 cxd4
9.Nxd4 Nxd4 10.Nxd5 Bxd2+ 11.Qxd2 Nc6 12.Nf4 O-O 13.Nd3 Qb6 14.O-O Rd8 15.Rfc1 Bd7
16.Rc3 Be8 17.Rac1 Rab8 18.Rb3 Qd4 19.Qe3 Qxe3 20.fxe3 Rd6 21.Ra3 a6 22.Rb3 b6
23.Rbc3 Ne7 24.Rc7 Kf8 25.Ra7 a5 26.b4 axb4 27.Nxb4 Rd7 28.Rcc7  1/2-1/2

[Event "chT-SLO"]
[Site "Bled SLO"]
[Date "2000.10.14"]
[Round "1"]
[White "Cebalo,M"]
[Black "Hulak,K"]
[Result "0-1"]
[WhiteElo "2520"]
[BlackElo "2510"]

1.d4 Nf6 2.c4 e6 3.Nc3 Bb4 4.Nf3 c5 5.g3 cxd4 6.Nxd4 O-O 7.Bg2 d5 8.cxd5 Nxd5
9.Qb3 Na6 10.O-O Nxc3 11.bxc3 Bc5 12.Be3 Qe7 13.Be4 Rb8 14.Bd3 Bd7 15.Rab1 Bb6
16.Rfd1 Rfe8 17.Nc2 Bxe3 18.Nxe3 Nc5 19.Qa3 Ba4 20.Rd2 b6 21.Be4 Red8 22.Rd4 Qe8
23.Bf3 g6 24.Rbb4 e5 25.Rh4 Bc6 26.Bxc6 Qxc6 27.Qxa7 Rb7 28.Qa3 Rbd7 29.Rb1 Rd2
30.c4 g5 31.Rg4 Qg6 32.Rxb6 Qxb6 33.Rxg5+ Kh8 34.Nd5 Qb1+ 35.Kg2 Qe4+ 36.Kh3 Ne6
37.Rg4 Qf5 38.Ne3 Qf6 39.Qc3 Rxe2 40.f4 Qh6+ 41.Rh4 Nxf4+ 42.gxf4 Rxh2+ 43.Kxh2 Qxh4+  0-1

[Event "Bundesliga 2000-1"]
[Site "Wattenscheid GER"]
[Date "2000.10.15"]
[Round "2"]
[White "Dinstuhl,V"]
[Black "Hackel,M"]
[Result "0-1"]
[WhiteElo "2412"]
[BlackElo "2338"]

1.d4 Nf6 2.c4 e6 3.Nc3 Bb4 4.Nf3 b6 5.Bg5 Bb7 6.e3 h6 7.Bh4 g5 8.Bg3 Ne4
9.Qc2 Bxc3+ 10.bxc3 d6 11.Bd3 f5 12.d5 Nd7 13.Nd4 Ndc5 14.O-O Qf6 15.Bxe4 fxe4
16.f4 g4 17.dxe6 h5 18.f5 O-O-O 19.Rab1 Ba6 20.Rb4 Bb7 21.Rbb1 Ba6 22.Nb5 Kb8
23.a4 h4 24.Bf4 Rh5 25.a5 Bxb5 26.Rxb5 Rxf5 27.axb6 axb6 28.Rxc5 Rxc5 29.Qxe4 Qf5
30.e7 Re8 31.Qd4 Qe6 32.Qg7 Rxe7 33.Qh8+ Re8 34.Qxh4 Rxc4 35.Qe1 Qe4 36.Qe2 g3
37.hxg3 Rxc3 38.Qh5 Rc2 39.Rf3 Rc1+ 40.Kh2 Re7 41.Bh6 Rc5 42.Qh3 Rh7 43.Rf4 Qg6
44.Rh4 Rc1 45.e4 Rc2 46.Qf5 Rxh6 47.Qf8+ Kb7 48.Qxh6 Qxh6 49.Rxh6 b5 50.g4 b4
51.g5 Rc5 52.g6 Rg5 53.Kg1 c5 54.Kf2 Kc6 55.Kf3 b3 56.Rh8 Kb5 57.Rb8+ Kc4
58.g4 Rxg6 59.Kf4 Kc3 60.Kf5 Rg7 61.g5 b2 62.Kf6 Ra7 63.g6 Kc2 64.g7 Rxg7
65.Kxg7 b1=Q  0-1

[Event "34th Olympiad Women"]
[Site "Istanbul TUR"]
[Date "2000.11.04"]
[Round "7"]
[White "Bosboom Lanchava,T"]
[Black "Khurtsidze,N"]
[Result "0-1"]
[WhiteElo "2272"]
[BlackElo "2418"]

1.d4 Nf6 2.c4 e6 3.Nc3 Bb4 4.Nf3 b6 5.g3 Bb7 6.Bg2 O-O 7.O-O Bxc3 8.bxc3 Qc8
9.Re1 d6 10.Bf1 Ne4 11.Nd2 Nxd2 12.Qxd2 Nc6 13.e4 Ba6 14.Bd3 Na5 15.Qe2 Qd7
16.Bf4 Rfe8 17.e5 dxe5 18.Bxe5 f6 19.Qe4 f5 20.Qe2 Bb7 21.f3 Qc6 22.c5 a6
23.cxb6 cxb6 24.c4 Rac8 25.Rab1 Nxc4 26.Bxc4 Qxc4 27.Qxc4 Rxc4 28.Rxb6 Bxf3
29.Kf2 Bd5 30.Rxa6 Rc2+ 31.Ke3 Rec8 32.Ra3 Rxh2 33.Rb1 h6 34.Rb8 Rxb8 35.Bxb8 g5
36.Ra7 Bxa2 37.Be5 Bc4 38.g4 f4+ 39.Ke4 Re2+ 40.Kf3 Rd2 41.Ra8+ Kf7 42.Ra7+ Ke8
43.Ra8+ Kd7 44.Ra7+ Kc6 45.Rc7+ Kb5 46.Rc5+ Kb4 47.Bd6 Kb3 48.Ke4 Bd5+ 49.Ke5 f3  0-1

[Event "34th Olympiad Women"]
[Site "Istanbul TUR"]
[Date "2000.11.05"]
[Round "8"]
[White "Bosboom Lanchava,T"]
[Black "Zatonskih,A"]
[Result "1/2-1/2"]
[WhiteElo "2272"]
[BlackElo "2446"]

1.d4 e6 2.c4 Nf6 3.Nc3 Bb4 4.Nf3 c5 5.g3 cxd4 6.Nxd4 O-O 7.Bg2 d5 8.cxd5 Nxd5
9.Qb3 Nc6 10.Nxc6 bxc6 11.O-O Qa5 12.Bd2 Bxc3 13.bxc3 Ba6 14.Rfd1 Qc5 15.e4 Bc4
16.Qa4 Nb6 17.Qb4 Qh5 18.Be3  1/2-1/2

[Event "34th Olympiad Women"]
[Site "Istanbul TUR"]
[Date "2000.11.09"]
[Round "12"]
[White "Botsari,A"]
[Black "Hund,B"]
[Result "1-0"]
[WhiteElo "2325"]
[BlackElo "2292"]

1.d4 Nf6 2.c4 e6 3.Nc3 Bb4 4.Nf3 c5 5.g3 cxd4 6.Nxd4 O-O 7.Bg2 d5 8.cxd5 Nxd5
9.Qb3 Nc6 10.Nxc6 bxc6 11.O-O Bxc3 12.bxc3 Ba6 13.Ba3 Rb8 14.Qc2 Re8 15.c4 Ne7
16.Qa4 Qc8 17.Rab1 Rxb1 18.Rxb1 Nf5 19.Bc5 Rd8 20.Bxa7 Bb7 21.Bc5 Nd4 22.Bxd4 Rxd4
23.Bxc6 Bxc6 24.Qxc6 Qd8 25.Rb7 h6 26.Ra7 Qf6 27.Kg2 Kh7 28.Rd7 h5 29.Rxd4 Qxd4
30.h4 Qb2 31.Qe4+ g6 32.a4 Qb4 33.Qc6 Qd2 34.c5 Qxe2 35.Qf3 Qc4 36.Qxf7+ Kh8
37.Qf6+ Kh7 38.Qe5 Qxa4 39.Qxe6 Qc2 40.c6 Kh6 41.Qe3+  1-0

[Event "ch-POL Semi-Finals"]
[Site "Polanczyk POL"]
[Date "2000.11.09"]
[Round "6"]
[White "Kosiorek,M"]
[Black "Gajewski,G"]
[Result "0-1"]
[WhiteElo "2378"]
[BlackElo "2248"]

1.d4 Nf6 2.c4 e6 3.Nc3 Bb4 4.Nf3 c5 5.g3 b6 6.Bg2 Bb7 7.O-O O-O 8.Bf4 cxd4
9.Qxd4 d5 10.Ne5 Nbd7 11.Nxd7 Qxd7 12.Be5 Be7 13.cxd5 exd5 14.e4 Bc5 15.Qd1 Ba6
16.Bxf6 Bxf1 17.Bxf1 gxf6 18.Nxd5 Kg7 19.b4 Be7 20.Qh5 Rfe8 21.Bh3 Qd6 22.Rc1 Qe5
23.Bf5 h6 24.Qg4+ Kf8 25.Qh5 Kg7 26.a3 Rad8 27.Qg4+ Kh8 28.Qh5 Kg7 29.Rd1 Bf8
30.Rd3 a5 31.Qg4+ Kh8 32.Qh4 axb4 33.axb4 b5 34.Qh5 Kg8 35.Rf3 Rxd5 36.exd5 Qa1+
37.Kg2 Re1 38.Kh3 Rh1 39.Kg4 Qg1 40.Bd3 Rxh2 41.Qf5 h5+ 42.Kf4 Bh6+ 43.Ke4 Qe1+
44.Re3 Qxb4+ 45.Kf3 Qg4+ 46.Qxg4+ hxg4+  0-1

[Event "72nd ch-GER"]
[Site "Seebad Heringsdorf GER"]
[Date "2000.11.19"]
[Round "3"]
[White "Knuth,H"]
[Black "Hammes,M"]
[Result "1-0"]
[WhiteElo "2308"]
[BlackElo "2401"]

1.d4 e6 2.c4 Nf6 3.Nc3 Bb4 4.Nf3 c5 5.d5 Bxc3+ 6.bxc3 d6 7.g4 Qa5 8.g5 Ne4
9.Qd3 O-O 10.Bb2 exd5 11.cxd5 Re8 12.Nd2 Bf5 13.Bg2 Nxd2 14.Qxd2 Nd7 15.c4 Qa4
16.O-O Qxc4 17.Rfe1 Qc2 18.Qxc2 Bxc2 19.e4 b5 20.f4 Nb6 21.Rac1 Bd3 22.e5 dxe5
23.fxe5 Bc4 24.d6 Rac8 25.Bb7 Rcd8 26.Ba6 Re6 27.Bc3 h6 28.Ba5 Rg6 29.a4 Rxg5+
30.Kf2 Bd5 31.Rxc5 Rg2+ 32.Kf1 Ba8 33.Bxb5 Rxh2 34.Rc7 Bg2+ 35.Kg1  1-0

[Event "Autumn Cup GM"]
[Site "Bucharest ROM"]
[Date "2000.11.27"]
[Round "7"]
[White "Florean,A"]
[Black "Mateuta,G"]
[Result "0-1"]
[WhiteElo "2441"]
[BlackElo "2409"]

1.d4 Nf6 2.Nf3 e6 3.c4 Bb4+ 4.Nc3 c5 5.g3 cxd4 6.Nxd4 O-O 7.Bg2 d5 8.cxd5 Nxd5
9.Bd2 Bxc3 10.bxc3 e5 11.Nb5 Nc6 12.O-O Be6 13.Rb1 a6 14.Na3 Qe7 15.c4 Nf6
16.Qa4 e4 17.Rb6 Bg4 18.Rfb1 Nd4 19.Rxb7 Nxe2+ 20.Kh1 Qe5 21.Qa5 Qe6 22.Qg5 Bf3
23.R7b3 Nd4 24.Rc3 h6 25.Qe3 Rad8 26.Be1 Ng4 27.Qc1 Ne2 28.Qb2 Nxc3 29.Bxc3 Qf5
30.h3 Ne5 31.g4 Bxg2+ 32.Kxg2 Qf3+ 33.Kg1 Nd3  0-1

[Event "Mitropa Team Cup"]
[Site "Charleville FRA"]
[Date "2000.11.29"]
[Round "5"]
[White "Soln,P"]
[Black "Acs,P"]
[Result "1-0"]
[WhiteElo "2413"]
[BlackElo "2497"]

1.d4 Nf6 2.c4 e6 3.Nc3 Bb4 4.Nf3 b6 5.Bg5 Bb7 6.e3 h6 7.Bh4 g5 8.Bg3 Ne4
9.Qc2 Bxc3+ 10.bxc3 d6 11.Bd3 Nxg3 12.fxg3 Nd7 13.O-O Qe7 14.Qa4 O-O 15.Rae1 f5
16.e4 f4 17.e5 Bxf3 18.Rxf3 dxe5 19.Qc6 fxg3 20.Rxg3 Rae8 21.h4 exd4 22.cxd4 Qg7
23.Re4 Nb8 24.Qa4 Rd8 25.Rgg4 e5 26.c5 Rf4 27.hxg5 hxg5 28.Qc4+ Kh8 29.Rg3 Rxe4
30.Bxe4 Qf6 31.Rf3 b5 32.Qb3  1-0

[Event "Autumn Cup GM"]
[Site "Bucharest ROM"]
[Date "2000.11.30"]
[Round "10"]
[White "Florean,A"]
[Black "Sebe,R"]
[Result "1-0"]
[WhiteElo "2441"]
[BlackElo "2303"]

1.d4 Nf6 2.c4 e6 3.Nc3 Bb4 4.Nf3 b6 5.Bg5 Bb7 6.e3 h6 7.Bh4 g5 8.Bg3 Ne4
9.Qc2 Bxc3+ 10.bxc3 Nxg3 11.hxg3 d6 12.Nd2 Qe7 13.f3 Nd7 14.Qa4 a5 15.Bd3 f5
16.O-O-O O-O-O 17.Kc2 Rdf8 18.Rhe1 e5 19.e4 f4 20.gxf4 gxf4 21.Bf1 Qe8 22.Rb1 Nb8
23.Qxe8+ Rxe8 24.c5 bxc5 25.dxc5 d5 26.Nb3 dxe4 27.Nxa5 Ba8 28.fxe4 Rhg8
29.Rb4 Rg6 30.Nc4 Nc6 31.Rb2 Kd7 32.Kd1 Ke7 33.Rd2 Rd8 34.Rd5 Rg3 35.Kc2 Ke6
36.Nxe5 Rxd5 37.exd5+ Kxd5 38.Nd3 Bb7 39.Re8 Na7 40.Re5+ Kc6 41.Nxf4 Kd7
42.Rh5 Be4+ 43.Kd2 Rg5 44.Rxg5 hxg5 45.Nh3 g4 46.Nf2 Bf5 47.g3 Kc6 48.Be2 Bb1
49.Nd3 Nb5 50.Bxg4 Bxd3 51.Kxd3 Kxc5 52.Be6 Nd6 53.g4  1-0

[Event "1st It"]
[Site "Odivelas POR"]
[Date "2000.12.01"]
[Round "4"]
[White "Pinho,P"]
[Black "Kogan,A"]
[Result "0-1"]
[WhiteElo "2213"]
[BlackElo "2504"]

1.d4 Nf6 2.c4 e6 3.Nc3 Bb4 4.Nf3 Nc6 5.Bg5 h6 6.Bh4 d6 7.e3 g5 8.Bg3 Ne4
9.Qc2 Bxc3+ 10.bxc3 Nxg3 11.hxg3 Bd7 12.Bd3 Qf6 13.Nd2 Ne7 14.c5 Bc6 15.cxd6 cxd6
16.Bb5 O-O-O 17.Bxc6 Nxc6 18.Rb1 h5 19.Ke2 Qe7 20.Rb5 Rd7 21.Rhb1 Rc7 22.Qa4 d5
23.Nb3 b6 24.Qa6+ Kd8 25.Nc5 Nb8 26.Qa4 Qd6 27.Qb3 Ke7 28.e4 bxc5 29.Rxb8 Rxb8
30.Qxb8 cxd4 31.cxd4 dxe4 32.Rb7 Qa6+ 33.Rb5 Qxa2+ 34.Rb2 Qc4+  0-1

[Event "1st It"]
[Site "Odivelas POR"]
[Date "2000.12.05"]
[Round "8"]
[White "Pinho,P"]
[Black "Ikonnikov,V"]
[Result "0-1"]
[WhiteElo "2213"]
[BlackElo "2548"]

1.d4 Nf6 2.c4 e6 3.Nc3 Bb4 4.Nf3 d6 5.Bg5 Nbd7 6.e3 h6 7.Bh4 b6 8.Qc2 Bb7
9.Bd3 g5 10.Bg3 Qe7 11.O-O-O Bxc3 12.Qxc3 Ne4 13.Qc2 f5 14.d5 Ndc5 15.Nd4 O-O-O
16.f3 Nxg3 17.hxg3 exd5 18.Bxf5+ Kb8 19.cxd5 Bxd5 20.e4 Bb7 21.Kb1 a5 22.Qc3 h5
23.Rh2 Qe5 24.Ne2 Ba6 25.Rd5 Qe7 26.Rd2 Bb7 27.Bg6 Rh6 28.Bf5 Rf8 29.Qd4 d5
30.Nc3 dxe4 31.fxe4 Rd6 32.Qe3 Rxf5  0-1

[Event "FSIMA December"]
[Site "Budapest HUN"]
[Date "2000.12.08"]
[Round "6"]
[White "Dub,Z"]
[Black "Bozic,Mi"]
[Result "0-1"]
[WhiteElo "2137"]
[BlackElo "2281"]

1.d4 Nf6 2.Nf3 e6 3.c4 Bb4+ 4.Nc3 c5 5.e3 O-O 6.Bd3 d5 7.O-O cxd4 8.exd4 dxc4
9.Bxc4 b6 10.Qe2 Bb7 11.Rd1 Be7 12.Bg5 Nc6 13.a3 Nd5 14.Ne4 Na5 15.Ba2 Bxg5
16.Nexg5 h6 17.Nxe6 fxe6 18.Qxe6+ Kh8 19.Ne5 Nf4 20.Nf7+ Rxf7 21.Qxf7 Qg5
22.g3 Nh3+ 23.Kf1 Qb5+ 24.Ke1 Ng5 25.Bc4 Nxc4  0-1

[Event "Bundesliga 2000-1"]
[Site "Magdeburg GER"]
[Date "2000.12.09"]
[Round "3"]
[White "Stohl,I"]
[Black "Hracek,Z"]
[Result "1/2-1/2"]
[WhiteElo "2578"]
[BlackElo "2612"]

1.d4 Nf6 2.c4 e6 3.Nc3 Bb4 4.Nf3 c5 5.g3 cxd4 6.Nxd4 Ne4 7.Qd3 Bxc3+ 8.bxc3 Nc5
9.Qf3 d6 10.Bg2 Nbd7 11.O-O Ne5 12.Qf4 Bd7 13.Nb5 Qb6 14.a4 Bxb5 15.cxb5 O-O
16.Be3 Rac8 17.Rfd1 Rfd8 18.Qb4 d5 19.Bf4 f6 20.a5 Qd6 21.e4 Nxe4 22.Bxe4 Qxb4
23.cxb4 dxe4 24.Bxe5 fxe5 25.Rxd8+ Rxd8 26.Rc1 Rd7 27.Rc5 Kf7 28.Rxe5 Rd5
29.Rxe4  1/2-1/2

[Event "2nd Viking GMA"]
[Site "York ENG"]
[Date "2000.12.16"]
[Round "4"]
[White "Barsov,A"]
[Black "Wells,P"]
[Result "1/2-1/2"]
[WhiteElo "2534"]
[BlackElo "2506"]

1.d4 Nf6 2.c4 e6 3.Nc3 Bb4 4.Nf3 c5 5.g3 cxd4 6.Nxd4 O-O 7.Bg2 d5 8.O-O dxc4
9.Qa4 Na6 10.Ndb5 Nd5 11.Rd1 Qe8 12.Nxd5 exd5 13.Bxd5 Bd7 14.Bxc4 Rc8 15.Bd3 Nc5
16.Qxb4 Nxd3 17.Rxd3 Bxb5 18.Re3 Qd7 19.Bd2 Rc2 20.Re7 Qxd2 21.Qxb5 Rxb2
22.Qa4 a6 23.Rd1 Qb4 24.Qd7 Rb1 25.Rxb1 Qxb1+ 26.Kg2 Qxa2 27.Qxb7 Qa4 28.e4 g6
29.e5 Qd4 30.h4 a5 31.h5 gxh5 32.Qf3 Qg4  1/2-1/2

[Event "XIII Carlos Torre Open"]
[Site "Merida MEX"]
[Date "2000.12.21"]
[Round "8"]
[White "Gonzalez Garcia,J"]
[Black "Frey,K"]
[Result "1/2-1/2"]
[WhiteElo "2440"]
[BlackElo "2405"]

1.d4 Nf6 2.c4 e6 3.Nc3 Bb4 4.Nf3 c5 5.g3 Qa5 6.Bd2 cxd4 7.Nxd4 Nc6 8.Nxc6 dxc6
9.a3 Bf8 10.Bg2 Qc7 11.Qc2 Be7 12.Ne4 Nxe4 13.Bxe4 f5 14.Bd3 O-O 15.O-O-O e5
16.e4 fxe4 17.Bxe4 h6 18.f3 Be6 19.h4 Bc5 20.g4 Rad8 21.Bc3  1/2-1/2

[Event "2nd Viking GMA"]
[Site "York ENG"]
[Date "2000.12.22"]
[Round "10"]
[White "Wells,P"]
[Black "Rowson,J"]
[Result "0-1"]
[WhiteElo "2506"]
[BlackElo "2494"]

1.d4 Nf6 2.c4 e6 3.Nc3 Bb4 4.Nf3 b6 5.Bg5 h6 6.Bh4 Bb7 7.Nd2 Be7 8.e4 Nxe4
9.Bxe7 Nxc3 10.Qf3 Qc8 11.Qxc3 Kxe7 12.d5 Kf8 13.O-O-O d6 14.Ne4 Nd7 15.f4 Qd8
16.Be2 Nf6 17.Ng3 exd5 18.Bf3 c5 19.Bxd5 Bxd5 20.cxd5 Qd7 21.Rhe1 Re8 22.Kb1 h5
23.Qd3 h4 24.Rxe8+ Kxe8 25.Nf5 Kf8 26.Re1 Rh5 27.Ne7 Ng8 28.Nc6 Qf5 29.Qxf5 Rxf5
30.Nxa7 Rxd5 31.Nc8 Nf6 32.Nxb6 Rd4 33.g3 h3 34.Kc2 Rb4 35.Nc8 Rc4+ 36.Kb3 Rb4+
37.Kc2 d5 38.Nd6 g6 39.b3 Rb6 40.Nc8 Rc6 41.Ne7 Rc7  0-1

[Event "Troll Masters"]
[Site "Gausdal NOR"]
[Date "2001.01.06"]
[Round "2"]
[White "Bae,T"]
[Black "Rozentalis,E"]
[Result "0-1"]
[WhiteElo "2279"]
[BlackElo "2630"]

1.d4 Nf6 2.c4 e6 3.Nc3 Bb4 4.Nf3 O-O 5.Bg5 h6 6.Bh4 b6 7.e4 g5 8.Nxg5 hxg5
9.Bxg5 Be7 10.Bh6 Kh8 11.e5 Nh7 12.Qg4 Rg8 13.Qf3 Nc6 14.Bd3 Bg5 15.Bxg5 Qxg5
16.Bxh7 Kxh7 17.Ne4 Qg6 18.Nf6+ Kg7 19.Nxg8 Kxg8 20.h4 Nxd4 21.Qf4 Nc2+ 22.Kd2 Nxa1
23.Rxa1 Bb7 24.g4 d6 25.Re1 Rd8 26.Kc1 dxe5 27.Rxe5 Qd3 28.Qg5+ Kf8 29.Qh6+ Ke7
30.Qg5+ Kd7 31.Re1 Kc8  0-1

[Event "Anibal Open"]
[Site "Anibal Open ESP"]
[Date "2001.01.08"]
[Round "1"]
[White "Milov,V"]
[Black "Mateo,Ra"]
[Result "1-0"]
[WhiteElo "2626"]
[BlackElo "2371"]

1.d4 Nf6 2.c4 e6 3.Nc3 Bb4 4.Nf3 b6 5.e3 Bb7 6.Bd3 O-O 7.O-O c5 8.a3 Bxc3
9.bxc3 d5 10.cxd5 Qxd5 11.Qe2 Nbd7 12.Bb2 Rac8 13.a4 Rfd8 14.Rfd1 c4 15.Bc2 Nf8
16.Ne1 a6 17.f3 b5 18.e4 Qd7 19.g4 Qc7 20.Ng2 Bc6 21.axb5 axb5 22.Ba3 Ra8
23.Qe3 Be8 24.Bb4 Rxa1 25.Rxa1 Qb7 26.g5 N6d7 27.Nf4 Ra8 28.Rd1 Qb6 29.h4 Ng6
30.Ng2 e5 31.h5 exd4 32.cxd4 Ngf8 33.Nf4 Ra2 34.Rd2 Ne6 35.Nd5 Qa7 36.h6 Ra1+
37.Kg2 Qb8 38.hxg7 Nxg7 39.e5  1-0

[Event "Anibal Open"]
[Site "Linares ESP"]
[Date "2001.01.18"]
[Round "11"]
[White "Bacrot,E"]
[Black "Sulskis,S"]
[Result "1-0"]
[WhiteElo "2618"]
[BlackElo "2501"]

1.d4 Nf6 2.c4 e6 3.Nc3 Bb4 4.Nf3 b6 5.Bg5 h6 6.Bh4 Bb7 7.e3 g5 8.Bg3 Ne4
9.Qc2 d6 10.Bd3 Bxc3+ 11.bxc3 Nxg3 12.hxg3 Nd7 13.Be4 Bxe4 14.Qxe4 Ke7 15.a4 a5
16.Rb1 Qg8 17.Qc6 Rc8 18.e4 Qe8 19.Qb7 Nb8 20.e5 dxe5 21.Nxe5 f6 22.Ng4 Qc6
23.Qxc6 Nxc6 24.Nxh6 f5 25.Ke2 Kf6 26.Rh5 Ne7 27.f4 g4 28.d5 Rcd8 29.dxe6 Kxe6
30.Rb5 Kf6 31.Re5 c5 32.Kf2 Rd2+ 33.Ke1 Rhd8 34.Nxf5 Rd1+ 35.Kf2 R8d2+ 36.Ke3 Ng6
37.Rd5 Rxd5 38.cxd5 Rxd5 39.Ke4 Rd2 40.Ne3 Ra2 41.Nd5+ Kg7 42.Nxb6 Rxg2 43.Kf5  1-0

[Event "ch-POL Boys U18"]
[Site "Zakopane POL"]
[Date "2001.01.19"]
[Round "4"]
[White "Paterek,M"]
[Black "Chojnacki,K"]
[Result "1/2-1/2"]
[WhiteElo "2141"]
[BlackElo "2232"]

1.d4 Nf6 2.Nf3 e6 3.c4 Bb4+ 4.Nc3 c5 5.e3 O-O 6.Bd3 b6 7.O-O Bb7 8.a3 Bxc3
9.bxc3 d6 10.Qe2 Nc6 11.Rd1 Qe7 12.e4 e5 13.dxe5 Nxe5 14.Nxe5 dxe5 15.a4 Rad8
16.Bg5 h6 17.Bxf6 Qxf6 18.a5 Rd6 19.axb6 axb6 20.Ra7 Bc6 21.Ra6 Rfd8 22.f3 R8d7
23.Raa1 Qd8 24.Bc2 Qg5 25.Rxd6 Rxd6 26.Rd1 Rxd1+ 27.Bxd1 Qc1 28.Qc2 Qe3+
29.Kf1 Bd7 30.Be2 Be6 31.Qb2 f6 32.Qxb6 Bf7 33.Qd8+ Kh7 34.Qd7 Kg8 35.Qd8+  1/2-1/2